Vultures /

Describes the appearance, habitat, nesting, infancy, feeding, and importance to humans of this bird of prey.

Bibliographic Details
Main Author: Stone, Lynn M.
Format: Book
Language:English
Published: Vero Beach, FL : Rourke Enterprises, [1989]
Series:Stone, Lynn M. Bird discovery library.
Subjects:

MARC

Tag First Indicator Second Indicator Subfields
LEADER 00000pam a2200000 a 4500
001 in00001409944
005 20151020070428.0
008 880920s1989 flua j 001 0 eng
010 |a  88030196  
020 |a 0865923248 
035 |a (OCoLC)18629003 
035 |9 AHP8882AM 
040 |a DLC  |c DLC  |d UtOrBLW 
049 |a TXAG 
050 0 0 |a QL696.F3  |b S77 1989 
082 0 |a 598/.912  |2 19 
100 1 |a Stone, Lynn M. 
245 1 0 |a Vultures /  |c [by Lynn M. Stone]. 
264 1 |a Vero Beach, FL :  |b Rourke Enterprises,  |c [1989] 
264 4 |c ©1989 
300 |a 24 pages :  |b color illustrations ;  |c 19 x 21 cm. 
336 |a text  |b txt  |2 rdacontent 
337 |a unmediated  |b n  |2 rdamedia 
338 |a volume  |b nc  |2 rdacarrier 
490 1 |a The Bird discovery library 
500 |a Includes index. 
520 |a Describes the appearance, habitat, nesting, infancy, feeding, and importance to humans of this bird of prey. 
650 0 |a Vultures  |x Juvenile literature. 
650 1 |a Vultures. 
800 1 |a Stone, Lynn M.  |t Bird discovery library. 
948 |a c:en 
999 |a MARS 
999 f f |s 9c0c628e-e38a-3877-915f-6ffc46b971f4  |i 6105ef89-c32a-315b-a37e-ed108de2b5bd  |t 0 
952 f f |p normal  |a Texas A&M University  |b College Station  |c Sterling C. Evans Library  |d Evans: Curriculum Collection (4th floor)  |t 0  |e QL696.F3 S77 1989  |h Library of Congress classification  |i unmediated -- volume  |m A14822370371 
998 f f |a QL696.F3 S77 1989  |t 0  |l Evans: Curriculum Collection (4th floor)